F1 Monaco winners 1950-2022 - Statistics

General Stats
  • This quiz has been taken 76 times
  • The average score is 44 of 69
Answer Stats
Year Answer % Correct
2021 Max Verstappen
100%
2019 Lewis Hamilton
99%
2016 Lewis Hamilton
99%
2008 Lewis Hamilton
99%
2017 Sebastian Vettel
97%
2011 Sebastian Vettel
97%
2018 Daniel Ricciardo
94%
1983 Keke Rosberg
93%
2015 Nico Rosberg
93%
2014 Nico Rosberg
93%
2013 Nico Rosberg
93%
2022 Sergio Perez
93%
1993 Ayrton Senna
88%
1992 Ayrton Senna
88%
1991 Ayrton Senna
88%
1990 Ayrton Senna
88%
1989 Ayrton Senna
88%
1987 Ayrton Senna
88%
2007 Fernando Alonso
85%
2006 Fernando Alonso
85%
1969 Graham Hill
84%
1968 Graham Hill
84%
1965 Graham Hill
84%
1964 Graham Hill
84%
1963 Graham Hill
84%
2001 Michael Schumacher
84%
1999 Michael Schumacher
84%
1997 Michael Schumacher
84%
1995 Michael Schumacher
84%
1994 Michael Schumacher
84%
1988 Alain Prost
82%
1986 Alain Prost
82%
1985 Alain Prost
82%
1984 Alain Prost
82%
1998 Mika Häkkinen
82%
2009 Jenson Button
81%
2005 Kimi Raïkkönen
78%
1976 Niki Lauda
72%
1975 Niki Lauda
72%
1973 Jackie Stewart
69%
1971 Jackie Stewart
69%
1966 Jackie Stewart
69%
2002 David Coulthard
67%
2000 David Coulthard
67%
1981 Gilles Villeneuve
64%
1961 Stirling Moss
54%
1960 Stirling Moss
54%
1956 Stirling Moss
54%
1959 Jack Brabham
52%
1979 Jody Scheckter
51%
1977 Jody Scheckter
51%
1970 Jochen Rindt
49%
1967 Denny Hulme
46%
2012 Mark Webber
31%
2010 Mark Webber
31%
2004 Jarno Trulli
25%
1996 Olivier Panis
22%
2003 Juan Pablo Montoya
21%
1982 Riccardo Patrese
12%
1962 Bruce Mclaren
9%
1958 Maurice Trintignant
9%
1955 Maurice Trintignant
9%
1974 Ronnie Peterson
9%
1980 Carlos Reutemann
7%
1972 Jean-Pierre Beltoise
7%
1978 Patrick Depailler
6%
1957 Juan Manguel Fangio
1%
1950 Juan Manguel Fangio
1%
1952 Vittoro Marzotto
1%
No matching quizzes found
Score Distribution
Percent of People with Each Score
Percentile by Number Answered
Your Score History
You have not taken this quiz